Разработка и реализация импульсного способа контактной кондуктометрии с треугольной формой питающего напряжения: автореферат диссертации на соискание ученой степени кандидата технических наук; спец. 05.11.13

書誌詳細
第一著者: Кагиров А. Г. Артур Геннадьевич
団体著者: Национальный исследовательский Томский политехнический университет (ТПУ)
その他の著者: Романенко С. В. Сергей Владимирович (научный руководитель)
要約:Заглавие с титульного экрана
Электронная версия печатной публикации
言語:ロシア語
出版事項: Томск, 2012
主題:
オンライン・アクセス:http://www.lib.tpu.ru/fulltext/a/2012/51.pdf
フォーマット: MixedMaterials 電子媒体 図書
KOHA link:https://koha.lib.tpu.ru/cgi-bin/koha/opac-detail.pl?biblionumber=225145

MARC

LEADER 00000nlm0a2200000 4500
001 225145
005 20240110115030.0
035 |a (RuTPU)RU\TPU\book\245478 
090 |a 225145 
100 |a 20121106d2012 k y0rusy50 ca 
101 0 |a rus 
102 |a RU 
105 |a a dm 000zy 
135 |a drcn ---uucaa 
181 0 |a i  
182 0 |a b 
200 1 |a Разработка и реализация импульсного способа контактной кондуктометрии с треугольной формой питающего напряжения  |e автореферат диссертации на соискание ученой степени кандидата технических наук  |e спец. 05.11.13  |f А. Г. Кагиров  |g Национальный исследовательский Томский политехнический университет (ТПУ) ; науч. рук. С. В. Романенко 
203 |a Текст  |c электронный 
210 |a Томск  |d 2012 
215 |a 1 файл (673 Kb) 
300 |a Заглавие с титульного экрана 
300 |a Электронная версия печатной публикации 
337 |a Adobe Reader 
606 1 |a Кондуктометрия  |x Химия  |2 stltpush  |3 (RuTPU)RU\TPU\subj\15360 
610 1 |a электронный ресурс 
610 1 |a авторефераты диссертаций 
610 1 |a труды учёных ТПУ 
610 1 |a растворы 
610 1 |a физико-химические характеристики 
610 1 |a кондуктометры 
610 1 |a удельная электропроводность 
610 1 |a импульсные способы 
610 1 |a математические модели 
610 1 |a проводимость 
610 1 |a жидкости 
675 |a 543.555(04)  |v 3 
686 |a 05.11.13  |2 oksvnk 
700 1 |a Кагиров  |b А. Г.  |c специалист в области экологии и безопасности жизнедеятельности  |c ассистент Томского политехнического университета  |f 1987-  |g Артур Геннадьевич  |3 (RuTPU)RU\TPU\pers\29222 
702 1 |a Романенко  |b С. В.  |c специалист в области экологии и безопасности жизнедеятельности  |c заведующий кафедрой Томского политехнического университета, доктор химических наук  |f 1972-  |g Сергей Владимирович  |3 (RuTPU)RU\TPU\pers\26046  |4 727  |9 11887 
712 0 2 |a Национальный исследовательский Томский политехнический университет (ТПУ)  |c (2009- )  |3 (RuTPU)RU\TPU\col\15902 
801 2 |a RU  |b 63413507  |c 20151116  |g RCR 
856 4 |u http://www.lib.tpu.ru/fulltext/a/2012/51.pdf 
942 |c CF